| 000 | 00925nas a2200277 4500 | ||
|---|---|---|---|
| 001 | BR2013009124 | ||
| 003 | BR-BrBNA | ||
| 005 | 20231205123232.0 | ||
| 007 | ta | ||
| 008 | 230509b bl.|||p| |||| 00| 00por d | ||
| 040 |
_aBR-BrBNA _bpor _cBiblioteca Nacional de Agricultura |
||
| 041 | _a(En) | ||
| 072 | _aP32; U40 | ||
| 100 | 1 | _aBreunig, F.M. | |
| 100 | 1 | _aGalvão, L.S. | |
| 100 | 1 | _aFormaggio, A.R. | |
| 100 | 1 | _aCouto, E.G. | |
| 245 | 1 | _aThe combined use of reflectance, emissivity and elevation Aster/Terra data for tropical soil studies | |
| 650 | _aCLASSIFICAÇÃO DO SOLO | ||
| 650 | _aSENSORIAMENTO REMOTO | ||
| 650 | _aTOPOGRAFIA | ||
| 773 | 0 |
_tRevista Brasileira de Ciência do Solo (Brazil) _xISSN 0100-0683 _g(Nov-Dec 2009), v. 33(6) p. 1785-1794 _wBR2013009124 |
|
| 856 | 4 | 0 | _uhttp://www.scielo.br/pdf/rbcs/v33n6/a27v33n6.pdf |
| 909 |
_a202311 _bLúcia _c55 _dLúcia Elande |
||
| 942 |
_2AGRIS _n0 _cANA |
||
| 999 |
_c232854 _d232854 |
||